000 00676nam a22001817a 4500
003 UA-OsUOA
001 14626
007 ta
008 20031013b un ||||| |||| 00| 0 ukr d
100 _aБасараба В.
942 _cSA
040 _aUA-OsUOA
_cUA-OsUOA
_dUA-OsUOA
245 _aВеселі оповідки від Романа Демчука: [Рец, на кн. гумориста із Зарічного Р.Демчука "Катастрофа" та "Книжка із сумним фіналом"]
300 _aС.6
955 _a0
773 0 _w0
_tВільне слово
_dРівне
_d2003
_g№80/8 жовт./
650 7 _aДемчук Р.
_2UDC
999 _c300790
_d300790